[Event "Richmond Keres Memorial 42nd"]
[Site "Richmond"]
[Date "2017.05.21"]
[Round "4"]
[White "Sohal, Tanraj"]
[Black "Hui, Jeremy"]
[Result "1-0"]
[WhiteElo "2373"]
[BlackElo "2084"]
[PlyCount "81"]
[EventDate "2017.05.20"]
[EventType "swiss"]
[EventRounds "6"]
[EventCountry "CAN"]
[SourceTitle "CBM 178 Extra"]
[Source "ChessBase"]
[SourceDate "2017.06.22"]
[SourceVersion "1"]
[SourceVersionDate "2017.06.22"]
[SourceQuality "1"]

1. d4 e6 2. Nf3 Nf6 3. g3 b5 4. Bg2 Bb7 5. 0-0 Be7 6. Nbd2 0-0 7. c3 d6 8. Re1 Nbd7 9. e4 e5 10. a4 a6 11. Qe2 c6 12. b3 Qb6 13. Bb2 Rfe8 14. Qd3 Bf8 15. Qc2 c5 16. d5 Reb8 17. Bf1 Ne8 18. c4 b4 19. Nh4 g6 20. f4 Bg7 21. Ndf3 f6 22. Bh3 Nf8 23. Ng2 Bc8 24. Bxc8 Rxc8 25. h4 Bh6 26. f5 Ra7 27. fxg6 hxg6 28. Nh2 Rf7 29. Ng4 Bg7 30. N2e3 Qd8 31. Rf1 Nh7 32. Rae1 Kf8 33. Qh2 Ke7 34. h5 g5 35. Rf3 Nc7 36. Ref1 Qf8 37. Qh3 Re8 38. Bxe5 dxe5 39. Nxe5 fxe5 40. Rxf7+ Qxf7 41. d6+ 1-0

[Event "Richmond Keres Memorial 42nd"]
[Site "Richmond"]
[Date "2017.05.20"]
[Round "1"]
[White "Orlov, Georgi"]
[Black "Hui, Jeremy"]
[Result "0-1"]
[WhiteElo "2529"]
[BlackElo "2084"]
[PlyCount "104"]
[EventDate "2017.05.20"]
[EventType "swiss"]
[EventRounds "6"]
[EventCountry "CAN"]
[SourceTitle "CBM 178 Extra"]
[Source "ChessBase"]
[SourceDate "2017.06.22"]
[SourceVersion "1"]
[SourceVersionDate "2017.06.22"]
[SourceQuality "1"]

1. e4 e6 2. d4 d5 3. Nc3 Bb4 4. exd5 exd5 5. Bd3 Nf6 6. Bg5 0-0 7. Nge2 Nbd7 8. 0-0 c6 9. Ng3 Qc7 10. Nh5 Nxh5 11. Qxh5 f5 12. Qh4 Nf6 13. f3 Bd6 14. Ne2 h6 15. Bd2 Qf7 16. Ng3 f4 17. Nf5 Bxf5 18. Bxf5 g6 19. Bd3 Nh5 20. Rae1 Rae8 21. Rxe8 Rxe8 22. Re1 Kg7 23. Kf1 Rxe1+ 24. Bxe1 Qe6 25. Bd2 Nf6 26. b3 g5 27. Qf2 Ng8 28. Qe1 Kf6 29. c4 Ne7 30. Qc1 Nf5 31. c5 Bb8 32. Qc3 Ne3+ 33. Kg1 g4 34. fxg4 Qxg4 35. Bf1 Nf5 36. h3 Qd1 37. Qd3 Ng3 38. Bc3 Qxf1+ 39. Qxf1 Nxf1 40. Kxf1 Kf5 41. Ke2 Ke4 42. Be1 Kxd4 43. Kf3 h5 44. Bd2 Kxc5 45. h4 Be5 46. Bxf4 Bxf4 47. Kxf4 Kd6 48. Kf5 d4 49. Ke4 c5 50. b4 b6 51. b5 Ke6 52. a4 Kf6 0-1

[Event "Wch U16"]
[Site "Al Ain"]
[Date "2013.12.24"]
[Round "8"]
[White "Hui, Jeremy"]
[Black "Machan, Jan"]
[Result "0-1"]
[WhiteElo "1914"]
[BlackElo "2147"]
[PlyCount "204"]
[EventDate "2013.12.18"]
[EventType "swiss"]
[EventRounds "11"]
[EventCountry "UAE"]
[SourceTitle "CBM 158 Extra"]
[Source "ChessBase"]
[SourceDate "2014.02.28"]
[SourceVersion "1"]
[SourceVersionDate "2014.02.28"]
[SourceQuality "1"]

1. e4 c5 2. Nf3 d6 3. Bb5+ Bd7 4. Bxd7+ Qxd7 5. c4 Nf6 6. Nc3 Nc6 7. d4 cxd4 8. Nxd4 e6 9. 0-0 Be7 10. Be3 0-0 11. f3 a6 12. a4 Rac8 13. Rc1 Ne5 14. b3 Bd8 15. Nde2 Ba5 16. Qd4 Bb4 17. Rfd1 Qe7 18. Kh1 Rxc4 19. bxc4 Bc5 20. Qd2 Nxc4 21. Qa2 Nxe3 22. Rd2 d5 23. exd5 Nexd5 24. Nxd5 Nxd5 25. Rdd1 Bd6 26. g3 Qf6 27. Qb3 h5 28. Qd3 h4 29. Rc4 hxg3 30. hxg3 g6 31. Kg2 Rd8 32. Kf2 b5 33. axb5 axb5 34. Rcc1 b4 35. Rc4 Nc3 36. Nxc3 Bxg3+ 37. Kxg3 Rxd3 38. Rxd3 bxc3 39. Rcxc3 g5 40. Rc4 Qe5+ 41. Kf2 Qh2+ 42. Ke3 Qg1+ 43. Ke2 Qh2+ 44. Ke3 Kg7 45. Rd2 Qg1+ 46. Ke2 Kg6 47. Re4 Qb6 48. Kf1 f5 49. Re5 Qc6 50. Kf2 Kf6 51. Rde2 Qd6 52. R5e3 Qd4 53. Kg2 e5 54. Ra3 g4 55. Rae3 gxf3+ 56. Kxf3 e4+ 57. Kg2 Ke5 58. Kf1 Qd1+ 59. Kg2 Kd4 60. Kf2 Qh1 61. Ra3 Ke5 62. Rae3 Kf4 63. Ra3 Qc1 64. Rae3 Qc5 65. Re1 Qa7 66. R1e2 Ke5 67. Kg2 Kd4 68. Kf2 Qc7 69. Rd2+ Ke5 70. Rde2 Qb6 71. Kg2 Qh6 72. Kf2 Qh4+ 73. Kg2 Kd4 74. Ra3 Qg5+ 75. Kf2 Qf4+ 76. Kg2 Qg4+ 77. Kf2 Ke5 78. Rae3 Kf4 79. Ra3 Qh4+ 80. Kg2 Kg4 81. Rae3 f4 82. Rxe4 Qg3+ 83. Kf1 Qf3+ 84. Kg1 Qd3 85. Re8 Qd4+ 86. Kf1 Kf3 87. R8e7 Qd1+ 88. Re1 Qd3+ 89. R1e2 Qc4 90. Re8 Qa6 91. R8e5 Qa1+ 92. Re1 Qa2 93. R1e2 Qc4 94. Re8 Qa6 95. R8e5 Kg3 96. Kg1 f3 97. R2e3 Qa1+ 98. Re1 f2+ 99. Kf1 fxe1Q+ 100. Rxe1 Qa6+ 101. Kg1 Qb6+ 102. Kh1 Qc6+ 0-1

[Event "Wch U16"]
[Site "Al Ain"]
[Date "2013.12.23"]
[Round "7"]
[White "Cortes Orihuela, Javier"]
[Black "Hui, Jeremy"]
[Result "1/2-1/2"]
[WhiteElo "2131"]
[BlackElo "1914"]
[PlyCount "79"]
[EventDate "2013.12.18"]
[EventType "swiss"]
[EventRounds "11"]
[EventCountry "UAE"]
[SourceTitle "CBM 158 Extra"]
[Source "ChessBase"]
[SourceDate "2014.02.28"]
[SourceVersion "1"]
[SourceVersionDate "2014.02.28"]
[SourceQuality "1"]

1. d4 e6 2. c4 Nf6 3. g3 c5 4. d5 exd5 5. cxd5 d6 6. Nc3 g6 7. Bg2 Bg7 8. Nf3 0-0 9. 0-0 a6 10. a4 Nbd7 11. Nd2 Ne5 12. h3 g5 13. f4 gxf4 14. gxf4 Ng6 15. e4 Rb8 16. a5 Bd7 17. Qe2 Re8 18. f5 Ne5 19. Nf3 Bb5 20. Nxb5 Nxf3+ 21. Bxf3 axb5 22. Bg5 Qd7 23. Qg2 Kh8 24. Qg3 Rg8 25. Kh1 Ne8 26. Qh4 Bxb2 27. f6 Rxg5 28. Bg4 Rxg4 29. hxg4 Nxf6 30. Ra2 Qxg4 31. Qxg4 Nxg4 32. Rxb2 b4 33. Rxf7 Ne5 34. Rc7 Ra8 35. Rh2 Rxa5 36. Rhxh7+ Kg8 37. Rhg7+ Kf8 38. Rh7 Kg8 39. Rhg7+ Kf8 40. Rh7 1/2-1/2

[Event "Wch U16"]
[Site "Al Ain"]
[Date "2013.12.22"]
[Round "6"]
[White "Sibashvili, Giorgi"]
[Black "Hui, Jeremy"]
[Result "1-0"]
[WhiteElo "2173"]
[BlackElo "1914"]
[PlyCount "73"]
[EventDate "2013.12.18"]
[EventType "swiss"]
[EventRounds "11"]
[EventCountry "UAE"]
[SourceTitle "CBM 158 Extra"]
[Source "ChessBase"]
[SourceDate "2014.02.28"]
[SourceVersion "1"]
[SourceVersionDate "2014.02.28"]
[SourceQuality "1"]

1. d4 e6 2. c4 Nf6 3. Nc3 c5 4. d5 exd5 5. cxd5 d6 6. e4 g6 7. f4 Bg7 8. Bb5+ Nfd7 9. a4 0-0 10. Nf3 Na6 11. 0-0 Nb4 12. Re1 a6 13. Bf1 Re8 14. h3 f5 15. Ng5 Bd4+ 16. Kh1 Nf6 17. Bd2 h6 18. Ne6 Bxe6 19. dxe6 Ng4 20. Qf3 Nf2+ 21. Kh2 Nc2 22. exf5 Nxa1 23. Bc4 Qh4 24. fxg6 Nc2 25. Re2 h5 26. Qxb7 Ng4+ 27. Kh1 Bg7 28. e7+ Kh8 29. Qxa8 Rxa8 30. e8Q+ Rxe8 31. Rxe8+ Bf8 32. Rxf8+ Kg7 33. Rf7+ Kh6 34. Ne4 Nge3 35. g7 Kh7 36. Nf6+ Qxf6 37. Bd3+ 1-0

[Event "Wch U16"]
[Site "Al Ain"]
[Date "2013.12.20"]
[Round "3"]
[White "Hui, Jeremy"]
[Black "Rydstrom, Tom"]
[Result "0-1"]
[WhiteElo "1914"]
[BlackElo "2156"]
[PlyCount "110"]
[EventDate "2013.12.18"]
[EventType "swiss"]
[EventRounds "11"]
[EventCountry "UAE"]
[SourceTitle "CBM 158 Extra"]
[Source "ChessBase"]
[SourceDate "2014.02.28"]
[SourceVersion "1"]
[SourceVersionDate "2014.02.28"]
[SourceQuality "1"]

1. e4 e5 2. Nf3 Nc6 3. Bb5 a6 4. Ba4 Nf6 5. 0-0 b5 6. Bb3 Be7 7. Qe2 d6 8. c3 Bg4 9. h3 Be6 10. Bc2 h6 11. Rd1 0-0 12. d3 Re8 13. Nbd2 Bf8 14. d4 exd4 15. cxd4 Bf5 16. Bb1 Bg6 17. Re1 Nxe4 18. Nxe4 d5 19. Qc2 dxe4 20. Qxc6 exf3 21. Rxe8 Qxe8 22. Qxf3 Qe1+ 23. Kh2 Re8 24. Bxg6 fxg6 25. b3 Bd6+ 26. g3 Rf8 27. Bb2 Qxf2+ 28. Qg2 Bxg3+ 29. Kh1 Qxg2+ 30. Kxg2 Bh4 31. Ba3 Rf2+ 32. Kg1 Rd2 33. Bc5 Bf2+ 34. Kf1 Bxd4 35. Bxd4 Rxd4 36. Rc1 Rd2 37. Rxc7 Rxa2 38. Ra7 Rb2 39. Rxa6 Rxb3 40. Kg2 g5 41. Rb6 Kh7 42. Kh2 h5 43. Kg2 g6 44. Kh2 Kh6 45. Kg2 Rb2+ 46. Kg1 b4 47. Rb5 b3 48. Kh1 g4 49. h4 g3 50. Kg1 Rh2 51. Rxb3 Rxh4 52. Rxg3 Rg4 53. Rxg4 hxg4 54. Kg2 Kh5 55. Kh2 Kh4 0-1

[Event "British Columbia-ch U20"]
[Site "Vancouver"]
[Date "2013.11.10"]
[Round "4"]
[White "Sohal, Tanraj"]
[Black "Hui, Jeremy"]
[Result "1-0"]
[WhiteElo "2334"]
[BlackElo "2061"]
[PlyCount "125"]
[EventDate "2013.11.08"]
[EventType "swiss"]
[EventRounds "5"]
[EventCountry "CAN"]
[SourceTitle "EXT 2015"]
[Source "ChessBase"]
[SourceDate "2014.11.20"]
[SourceVersion "1"]
[SourceVersionDate "2014.11.20"]
[SourceQuality "1"]

1. d4 e6 2. c4 Nf6 3. Nf3 c5 4. d5 exd5 5. cxd5 d6 6. Nc3 g6 7. Bf4 a6 8. a4 Bg7 9. h3 0-0 10. e3 Qe7 11. Be2 Nbd7 12. 0-0 b6 13. Nd2 Ne8 14. Nc4 f5 15. Rb1 Rb8 16. Qd2 a5 17. Nb5 Ne5 18. b3 Bd7 19. Nba3 g5 20. Bxe5 Bxe5 21. Nxe5 Qxe5 22. f4 Qe7 23. fxg5 Qxg5 24. Nc4 Rf6 25. Rf4 Ng7 26. Rbf1 Bc8 27. Na3 Rg6 28. R1f2 Bb7 29. Bf3 Rf8 30. Nc4 Rgf6 31. Nxb6 R8f7 32. Be2 Nh5 33. Bxh5 Qxh5 34. R2f3 Rg6 35. Qf2 Rfg7 36. Rxf5 Rxg2+ 37. Qxg2 Rxg2+ 38. Kxg2 Qe8 39. Rf8+ Qxf8 40. Rxf8+ Kxf8 41. Kf3 Ke7 42. Kf4 Kf6 43. e4 Ba6 44. Nc4 Ke7 45. Nxa5 Bd3 46. e5 Bf1 47. h4 Bg2 48. Nb7 Bxd5 49. exd6+ Kd7 50. Nxc5+ Kxd6 51. b4 Bc4 52. Ke4 Kc6 53. Kd4 Be2 54. b5+ Kb6 55. Nb3 Bd1 56. Kc4 Bf3 57. a5+ Kb7 58. Kc5 h5 59. Nd4 Bg2 60. a6+ Kc7 61. b6+ Kd7 62. Nb5 Kc8 63. a7 1-0

[Event "British Columbia-ch U20"]
[Site "Vancouver"]
[Date "2013.11.09"]
[Round "3"]
[White "Hui, Jeremy"]
[Black "Gedajlovic, Max"]
[Result "1-0"]
[WhiteElo "2061"]
[BlackElo "2093"]
[PlyCount "75"]
[EventDate "2013.11.08"]
[EventType "swiss"]
[EventRounds "5"]
[EventCountry "CAN"]
[SourceTitle "EXT 2015"]
[Source "ChessBase"]
[SourceDate "2014.11.20"]
[SourceVersion "1"]
[SourceVersionDate "2014.11.20"]
[SourceQuality "1"]

1. e4 e6 2. d4 d5 3. e5 c5 4. c3 Nc6 5. Nf3 Nh6 6. Bxh6 gxh6 7. Be2 Bg7 8. 0-0 0-0 9. Re1 cxd4 10. cxd4 f6 11. Bb5 fxe5 12. Nxe5 Nxe5 13. dxe5 Qb6 14. Qe2 Rf5 15. Na3 Rxe5 16. Qc2 Rxe1+ 17. Rxe1 a6 18. Bd3 Qxb2 19. Qa4 Qf6 20. Nc2 Qf7 21. Re3 e5 22. Rf3 Qd7 23. Qb3 Qd6 24. Ne3 Be6 25. Bf5 Bxf5 26. Nxf5 Qd7 27. Rg3 Qxf5 28. Qxb7 Qf8 29. Rxg7+ Qxg7 30. Qxa8+ Kf7 31. Qxd5+ Kg6 32. Qd3+ Kf6 33. Qxa6+ Kg5 34. Qe6 Qc7 35. g3 Qc1+ 36. Kg2 Qc2 37. h4+ Kh5 38. Qf7+ 1-0

[Event "Langley op"]
[Site "Langley"]
[Date "2013.09.01"]
[Round "3"]
[White "Hui, Jeremy"]
[Black "Villavieja, Butch"]
[Result "0-1"]
[WhiteElo "2039"]
[BlackElo "2217"]
[PlyCount "74"]
[EventDate "2013.08.??"]
[EventType "swiss"]
[EventRounds "6"]
[EventCountry "CAN"]
[SourceTitle "EXT 2022"]
[Source "ChessBase"]
[SourceDate "2021.10.06"]
[SourceVersion "1"]
[SourceVersionDate "2021.10.06"]
[SourceQuality "1"]

1. e4 c5 2. Nf3 d6 3. Bb5+ Nd7 4. d4 Ngf6 5. 0-0 cxd4 6. Qxd4 e5 7. Qd3 h6 8. c4 Be7 9. Nc3 0-0 10. Bxd7 Bxd7 11. Be3 a6 12. Rfd1 Qa5 13. Rac1 Rac8 14. Nd2 Be6 15. a3 Ng4 16. Nb3 Qd8 17. Nd5 Bxd5 18. Qxd5 Nxe3 19. fxe3 Qb6 20. Rd3 Bg5 21. Kf2 Rfd8 22. Rc2 Rc5 23. Nxc5 dxc5 24. Ke2 Rxd5 25. cxd5 Be7 26. Rcd2 Bd6 27. g3 Qb5 28. b3 Qd7 29. Kf3 h5 30. Rc2 Qg4+ 31. Kf2 Qxe4 32. Rdd2 Qh1 33. Re2 Qxh2+ 34. Kf3 Qh1+ 35. Rg2 Qd1+ 36. Rge2 Qxd5+ 37. Kf2 e4 0-1

[Event "CAN-ch U16"]
[Site "Ottawa"]
[Date "2013.07.12"]
[Round "6"]
[White "Hui, Jeremy"]
[Black "Nasir, Zehn"]
[Result "0-1"]
[WhiteElo "1976"]
[BlackElo "2060"]
[PlyCount "76"]
[EventDate "2013.07.10"]
[EventType "swiss"]
[EventRounds "6"]
[EventCountry "CAN"]
[SourceTitle "EXT 2022"]
[Source "ChessBase"]
[SourceDate "2021.10.06"]
[SourceVersion "1"]
[SourceVersionDate "2021.10.06"]
[SourceQuality "1"]

1. e4 c6 2. d4 d5 3. e5 Bf5 4. Nf3 e6 5. Be2 c5 6. Be3 Qb6 7. Nc3 a6 8. Rb1 Nc6 9. 0-0 Qc7 10. Rc1 Bg6 11. Na4 c4 12. Nc3 Nge7 13. b3 b5 14. bxc4 bxc4 15. Nh4 Nf5 16. Nxg6 hxg6 17. Bf3 Nxe5 18. Bf4 Nxf3+ 19. Qxf3 Bd6 20. Bg3 Nxd4 21. Qg4 Nf5 22. Rfe1 0-0 23. Rb1 Rab8 24. Red1 Rxb1 25. Rxb1 Rb8 26. Qd1 Rxb1 27. Qxb1 Nxg3 28. hxg3 Qb8 29. Qd1 Be5 30. Ne2 a5 31. c3 Bd6 32. Qc2 Bc5 33. Qa4 Qa7 34. Qe8+ Kh7 35. Nf4 Bxf2+ 36. Kh2 Bxg3+ 37. Kxg3 Qe3+ 38. Kh2 Qxf4+ 0-1

[Event "CAN-ch U12"]
[Site "Victoria"]
[Date "2009.07.22"]
[Round "3"]
[White "Hui, Jeremy"]
[Black "Lai, Jingzhou"]
[Result "0-1"]
[WhiteElo "1500"]
[BlackElo "1773"]
[PlyCount "55"]
[EventDate "2009.07.21"]
[EventType "swiss"]
[EventRounds "7"]
[EventCountry "CAN"]
[SourceTitle "EXT 2011"]
[Source "ChessBase"]
[SourceDate "2010.11.26"]
[SourceVersion "1"]
[SourceVersionDate "2010.11.26"]
[SourceQuality "1"]

1. e4 e6 2. d4 d5 3. e5 c5 4. c3 Nc6 5. Nf3 Qb6 6. Be2 Nh6 7. Bxh6 gxh6 8. Qd2 Bg7 9. 0-0 0-0 10. Na3 f6 11. exf6 Rxf6 12. Rab1 cxd4 13. Nxd4 e5 14. Ndc2 Be6 15. b3 Rd8 16. Bb5 Ne7 17. Rbd1 a6 18. Ba4 Bg4 19. Rde1 Rdf8 20. Ne3 Be6 21. b4 h5 22. Bb3 Bh6 23. Rd1 Rxf2 24. Rxf2 Bxe3 25. Qe2 Bxf2+ 26. Kh1 Qe3 27. Qxh5 Be1 28. Bc4 0-1

[Event "CAN-ch U12"]
[Site "Victoria"]
[Date "2009.07.21"]
[Round "1"]
[White "Kalra, Agastya"]
[Black "Hui, Jeremy"]
[Result "1/2-1/2"]
[WhiteElo "1817"]
[BlackElo "1500"]
[PlyCount "125"]
[EventDate "2009.07.21"]
[EventType "swiss"]
[EventRounds "7"]
[EventCountry "CAN"]
[SourceTitle "EXT 2011"]
[Source "ChessBase"]
[SourceDate "2010.11.26"]
[SourceVersion "1"]
[SourceVersionDate "2010.11.26"]
[SourceQuality "1"]

1. e4 e6 2. d4 d5 3. Nc3 Bb4 4. e5 c5 5. a3 Bxc3+ 6. bxc3 Ne7 7. Qg4 Qc7 8. Qxg7 Rg8 9. Qxh7 cxd4 10. Ne2 Nbc6 11. f4 dxc3 12. Qd3 Qa5 13. Rb1 b6 14. Qxc3 Ba6 15. Qxa5 Nxa5 16. Nd4 Bxf1 17. Kxf1 Rc8 18. Rg1 Nf5 19. Nxf5 exf5 20. Bd2 Nc4 21. Bc1 Na5 22. Rb2 Kd7 23. Kf2 Nb7 24. Be3 Na5 25. Rd1 Ke6 26. g3 Nc4 27. Rb5 Rgd8 28. Bc1 Na5 29. Rd2 Nc4 30. Re2 Na5 31. h3 Rg8 32. Rd2 Rgd8 33. g4 fxg4 34. hxg4 Nc4 35. Re2 f5 36. gxf5+ Kxf5 37. Kf3 a6 38. Rb3 Rg8 39. Be3 b5 40. Rd3 Rcd8 41. Rh2 Rh8 42. Rg2 Rh5 43. Bc1 a5 44. Rd1 Rh3+ 45. Rg3 Rxg3+ 46. Kxg3 Ke6 47. Rh1 Rg8+ 48. Kf3 Rf8 49. Rh6+ Ke7 50. Rh7+ Ke6 51. Rb7 Nxe5+ 52. Kg3 Rg8+ 53. Kf2 Rc8 54. Rb6+ Rc6 55. Be3 Rxb6 56. Bxb6 Nc4 57. Bc5 Kf5 58. Kf3 Nd2+ 59. Ke3 Nc4+ 60. Kd4 b4 61. axb4 axb4 62. Bxb4 Kxf4 63. Kxd5 1/2-1/2